ბათუმის შოთა რუსთაველის სახელმწიფო უნივერსიტეტის ბიბლიოთეკა

თხზულებანი ოთხ ტომად. ტ.2. პროზა (ბიბ.ჩანაწერი № 48329)

000 -LEADER
fixed length control field 00683nam a2200205Ia 4500
001 - CONTROL NUMBER
control field 15217
003 - CONTROL NUMBER IDENTIFIER
control field GE_BSU
008 - FIXED-LENGTH DATA ELEMENTS--GENERAL INFORMATION
fixed length control field 181216s||||||||xx |||||||||||||| ||und||
040 ## - CATALOGING SOURCE
Transcribing agency GE_BSU
080 ## - UNIVERSAL DECIMAL CLASSIFICATION NUMBER
Universal Decimal Classification number 821.353.1+821.353.1-3
100 ## - MAIN ENTRY--PERSONAL NAME
Personal name შატბერაშვილი,გიორგი
245 ## - TITLE STATEMENT
Title თხზულებანი ოთხ ტომად. ტ.2. პროზა
245 ## - TITLE STATEMENT
Statement of responsibility, etc. რედ. ქ.თავაძე. მხატვ.დ.დუდნდუა
260 ## - PUBLICATION, DISTRIBUTION, ETC.
Place of publication, distribution, etc. თბილისი
260 ## - PUBLICATION, DISTRIBUTION, ETC.
Name of publisher, distributor, etc. საბჭოთა საქართველო
260 ## - PUBLICATION, DISTRIBUTION, ETC.
Date of publication, distribution, etc. 1972
300 ## - PHYSICAL DESCRIPTION
Extent 556გვ.20სმ.
653 ## - INDEX TERM--UNCONTROLLED
Uncontrolled term პროზა
942 ## - ADDED ENTRY ELEMENTS (KOHA)
Koha item type წიგნი
ეგზემპლარები
Withdrawn status Lost status Damaged status Not for loan Date acquired Barcode Date last seen Price effective from Koha item type
        2018-12-17 38261 2018-12-17 2018-12-17 წიგნი
        2018-12-17 38262 2018-12-17 2018-12-17 წიგნი